000 00812nam a2200193 i 4500
001 51459
003 ES-MaACL
005 20230906162352.0
007 t|
008 030813s1964 sp ||||1| spa d
100 1 _aChastel, André.
_938168
245 1 3 _aEl humanismo /
_cAndré Chastel, Rober Clein ; publicado bajo los auspicios del Consejo de Cooperación Cultural con motivo de la I Exposición de Cooperación Cultural organizada en 1954 en Bruxelas por el Gobierno Belga.
260 _aBarcelona :
_bSalvat,
_c[1964]
300 _a340 p., 104 lám. ;
_c35 cm.
700 1 _aClein, Robert.
_939167
710 2 _aConsejo de Europa.
_bConsejo de Cooperación Cultural.
_93187
711 2 _aExposición de Arte del Consejo de Europa (
_n1º.
_d1954.
_cBruselas)
_9668
852 _aES-MaACL
_jC-26817
_bR.55533
999 _c51459
_d51459